000 00357nam a2200145 i 4500
001 bg
100 1 _aPREJZNER, Jerzy
245 0 _aLaboratorium chemii ogólnej i sanitarnej /
_cJ. Prejzner.
250 _aWyd. zm. i poszerzone.
260 _aGdańsk,
_c1991.
040 _cBPK
041 _apol
942 _cKS
008 s pl f |000 0 pol
999 _c4685
_d4685
856 _uhttp://koha.tu.koszalin.pl/cgi-bin/koha/opac-detail.pl?biblionumber=4685
_yKatalog online BPK